Obras de Padre Juan de Mariana

Gespeichert in:
Bibliographische Detailangaben
Körperschaft: Biblioteca de autores españoles
Format: Buch
Sprache:Undetermined
Veröffentlicht: Madrid, España Rivadeneyra 1854
Schlagworte:
Tags: Tag hinzufügen
Keine Tags, Fügen Sie den ersten Tag hinzu!

MARC

LEADER 00000nam a2200000Ia 4500
008 170316s9999 xx 000 0 und d
110 |a Biblioteca de autores españoles 
245 |a Obras de Padre Juan de Mariana 
260 |a Madrid, España 
260 |b Rivadeneyra 
260 |c 1854 
300 |a 534 páginas Tomo I. Vol. 30. 
650 |a REFERENCIA 
650 |a ENCICLOPEDIA 
999 |c 30194  |d 30194 
040 |a cru BVZT 
942 |c 15 D  |2 z